000 00401nam a2200121Ia 4500
008 220620s9999||||xx |||||||||||||| ||und||
100 _aAlexandra Andhov
245 0 _aStart-up Law
546 _aEnglish[eng]
650 _aStart-up||innovation||Start-up life cycle||entrepreneurship||Start-up law book
856 _uhttps://www.elgaronline.com/view/edcoll/9781839108440/9781839108440.xml
942 _cEB
999 _c28522
_d28522